<?xml version="1.0" encoding="UTF-8"?>
<collection xmlns="http://www.loc.gov/MARC21/slim">
<record>
  <controlfield tag="001">132489</controlfield>
  <controlfield tag="005">20240731103407.0</controlfield>
  <datafield tag="024" ind1="7" ind2=" ">
    <subfield code="2">doi</subfield>
    <subfield code="a">10.1016/j.senol.2022.05.011</subfield>
  </datafield>
  <datafield tag="024" ind1="8" ind2=" ">
    <subfield code="2">sideral</subfield>
    <subfield code="a">137551</subfield>
  </datafield>
  <datafield tag="037" ind1=" " ind2=" ">
    <subfield code="a">ART-2023-137551</subfield>
  </datafield>
  <datafield tag="041" ind1=" " ind2=" ">
    <subfield code="a">spa</subfield>
  </datafield>
  <datafield tag="100" ind1=" " ind2=" ">
    <subfield code="a">Vallejo Bernad, Cristina</subfield>
  </datafield>
  <datafield tag="245" ind1=" " ind2=" ">
    <subfield code="a">Respuesta biológica en las pacientes con cáncer de mama tratadas con radioterapia intraoperatoria</subfield>
  </datafield>
  <datafield tag="260" ind1=" " ind2=" ">
    <subfield code="c">2023</subfield>
  </datafield>
  <datafield tag="520" ind1="3" ind2=" ">
    <subfield code="a">Introducción
el tratamiento conservador de la mama junto con la radioterapia es de elección en las pacientes con cáncer de mama precoz. Gracias a un mayor conocimiento de la radiobiología tumoral, la tendencia actual consiste en utilizar técnicas de irradiación parcial acelerada, entre las que destaca la radioterapia intraoperatoria (RIO).

Métodos
estudio prospectivo multicéntrico dividido en 2 grupos comparativos con casos consecutivos de las pacientes a que han recibido una cirugía conservadora por cáncer de mama asociada o no a RIO. Se valora la relación de esta terapia con los valores de las proteínas involucradas en la respuesta biológica (IL6, IL8, CXCL10, IL1β y TNF- α) en muestras de suero preoperatorio y a las 24 h desde la cirugía, y de drenaje quirúrgico a las 6 y 24 h desde la cirugía.

Resultados
se ha objetivado en las pacientes tratadas con RIO una disminución significativa de IL6 e IL8, así como un aumento de CXCL10 favorable para la lucha contra la progresión del tumor (p valor &lt; 0,05). Las alteraciones del sistema inmunológico se manifiestan tanto en suero como en débito del drenaje quirúrgico a las 6 y 24 h desde la cirugía.

Conclusiones
la RIO modifica la respuesta biológica en las pacientes con cáncer de mama. A pesar de que se deben desarrollar más líneas de investigación, la comprensión de los mecanismos de desarrollo del tumor, abre una nueva etapa en el desarrollo de tratamientos perioperatorios dirigidos a dianas concretas que compensen las consecuencias dañinas de la cirugía.


Introduction
Breast conserving surgery with radiotherapy is the treatment of choice in patients with early breast cancer. Due to a better understanding of tumour radiobiology, the current trend is to use accelerated partial irradiation techniques, among which intraoperative radiotherapy (RIO) stands out.

Methods
Prospective multicentre study divided into two comparative groups with consecutive cases of patients who have undergone conservative surgery for breast cancer associated or not with RIO. The relation of this therapy with the values of proteins involved in the biological response (IL6, IL8, CXCL10, IL1β y TNF- α) is assessed in serum samples preoperative and 24 hours after surgery, and surgical drainage samples at 6 and 24 hours after surgery.

Results
A significant decrease in IL6 and IL8, as well as an increase in CXCL10 favourable for the fight against tumour progression (p-value &lt; 0.05) was observed in patients treated with RIO. Immune system alterations are manifested in both serum and surgical drainage debit at 6 and 24 hours after surgery.

Conclusions
RIO modifies the biological response in breast cancer patients. Although more lines of research need to be developed, the understanding of the mechanisms of tumour development opens a new stage in the development of perioperative treatments directed at specific targets that compensate for the harmful consequences of surgery.</subfield>
  </datafield>
  <datafield tag="540" ind1=" " ind2=" ">
    <subfield code="9">info:eu-repo/semantics/closedAccess</subfield>
    <subfield code="a">All rights reserved</subfield>
    <subfield code="u">http://www.europeana.eu/rights/rr-f/</subfield>
  </datafield>
  <datafield tag="592" ind1=" " ind2=" ">
    <subfield code="a">0.118</subfield>
    <subfield code="b">2023</subfield>
  </datafield>
  <datafield tag="593" ind1=" " ind2=" ">
    <subfield code="a">Obstetrics and Gynecology</subfield>
    <subfield code="c">2023</subfield>
    <subfield code="d">Q4</subfield>
  </datafield>
  <datafield tag="593" ind1=" " ind2=" ">
    <subfield code="a">Surgery</subfield>
    <subfield code="c">2023</subfield>
    <subfield code="d">Q4</subfield>
  </datafield>
  <datafield tag="593" ind1=" " ind2=" ">
    <subfield code="a">Radiology, Nuclear Medicine and Imaging</subfield>
    <subfield code="c">2023</subfield>
    <subfield code="d">Q4</subfield>
  </datafield>
  <datafield tag="593" ind1=" " ind2=" ">
    <subfield code="a">Oncology</subfield>
    <subfield code="c">2023</subfield>
    <subfield code="d">Q4</subfield>
  </datafield>
  <datafield tag="594" ind1=" " ind2=" ">
    <subfield code="a">0.3</subfield>
    <subfield code="b">2023</subfield>
  </datafield>
  <datafield tag="655" ind1=" " ind2="4">
    <subfield code="a">info:eu-repo/semantics/article</subfield>
    <subfield code="v">info:eu-repo/semantics/publishedVersion</subfield>
  </datafield>
  <datafield tag="700" ind1=" " ind2=" ">
    <subfield code="a">Casamayor Franco, Maria del Carmen</subfield>
    <subfield code="u">Universidad de Zaragoza</subfield>
  </datafield>
  <datafield tag="700" ind1=" " ind2=" ">
    <subfield code="a">Sánchez Rubio, María</subfield>
  </datafield>
  <datafield tag="700" ind1=" " ind2=" ">
    <subfield code="a">Laviano Martínez, Estefanía</subfield>
  </datafield>
  <datafield tag="700" ind1=" " ind2=" ">
    <subfield code="a">González-Nicolás Trébol, Teresa</subfield>
  </datafield>
  <datafield tag="700" ind1=" " ind2=" ">
    <subfield code="a">Pérez-Tierra Ruiz, Jesús Víctor</subfield>
  </datafield>
  <datafield tag="700" ind1=" " ind2=" ">
    <subfield code="a">Martínez Lahoz, Yaiza</subfield>
  </datafield>
  <datafield tag="700" ind1=" " ind2=" ">
    <subfield code="a">Güemes Sánchez, Antonio</subfield>
    <subfield code="u">Universidad de Zaragoza</subfield>
    <subfield code="0">(orcid)0000-0002-4437-2581</subfield>
  </datafield>
  <datafield tag="700" ind1=" " ind2=" ">
    <subfield code="a">Carrasquer Puyal, Aurora</subfield>
  </datafield>
  <datafield tag="700" ind1=" " ind2=" ">
    <subfield code="a">Pallarés Segura, José Luis</subfield>
  </datafield>
  <datafield tag="700" ind1=" " ind2=" ">
    <subfield code="a">Echazarreta Gallego, Estibaliz</subfield>
    <subfield code="u">Universidad de Zaragoza</subfield>
  </datafield>
  <datafield tag="700" ind1=" " ind2=" ">
    <subfield code="a">Guardia Dodorico, Lorena</subfield>
  </datafield>
  <datafield tag="700" ind1=" " ind2=" ">
    <subfield code="a">Sánchez Marín, Juan Pelegrín</subfield>
  </datafield>
  <datafield tag="700" ind1=" " ind2=" ">
    <subfield code="a">Lasierra Monclús, Ana Belén</subfield>
    <subfield code="u">Universidad de Zaragoza</subfield>
  </datafield>
  <datafield tag="700" ind1=" " ind2=" ">
    <subfield code="a">Barra Pardos, María Victoria</subfield>
  </datafield>
  <datafield tag="700" ind1=" " ind2=" ">
    <subfield code="a">Fontán Abad, Adrián</subfield>
  </datafield>
  <datafield tag="700" ind1=" " ind2=" ">
    <subfield code="a">Sopena Murillo, Ana</subfield>
  </datafield>
  <datafield tag="700" ind1=" " ind2=" ">
    <subfield code="a">Marro Gracia, Nieves</subfield>
  </datafield>
  <datafield tag="710" ind1="2" ind2=" ">
    <subfield code="1">1007</subfield>
    <subfield code="2">610</subfield>
    <subfield code="a">Universidad de Zaragoza</subfield>
    <subfield code="b">Dpto. Medicina, Psiqu. y Derm.</subfield>
    <subfield code="c">Area Medicina</subfield>
  </datafield>
  <datafield tag="710" ind1="2" ind2=" ">
    <subfield code="1">1013</subfield>
    <subfield code="2">090</subfield>
    <subfield code="a">Universidad de Zaragoza</subfield>
    <subfield code="b">Dpto. Cirugía</subfield>
    <subfield code="c">Área Cirugía</subfield>
  </datafield>
  <datafield tag="773" ind1=" " ind2=" ">
    <subfield code="g">36, 1 (2023), 100433 [8 pp.]</subfield>
    <subfield code="p">Rev. senol. patol. mamar.</subfield>
    <subfield code="t">Revista de Senologia y Patologia Mamaria</subfield>
    <subfield code="x">0214-1582</subfield>
  </datafield>
  <datafield tag="856" ind1="4" ind2=" ">
    <subfield code="s">264429</subfield>
    <subfield code="u">http://zaguan.unizar.es/record/132489/files/texto_completo.pdf</subfield>
    <subfield code="y">Versión publicada</subfield>
  </datafield>
  <datafield tag="856" ind1="4" ind2=" ">
    <subfield code="s">2185305</subfield>
    <subfield code="u">http://zaguan.unizar.es/record/132489/files/texto_completo.jpg?subformat=icon</subfield>
    <subfield code="x">icon</subfield>
    <subfield code="y">Versión publicada</subfield>
  </datafield>
  <datafield tag="909" ind1="C" ind2="O">
    <subfield code="o">oai:zaguan.unizar.es:132489</subfield>
    <subfield code="p">articulos</subfield>
    <subfield code="p">driver</subfield>
  </datafield>
  <datafield tag="951" ind1=" " ind2=" ">
    <subfield code="a">2024-07-31-10:02:22</subfield>
  </datafield>
  <datafield tag="980" ind1=" " ind2=" ">
    <subfield code="a">ARTICLE</subfield>
  </datafield>
</record>
</collection>